| 000 -LEADER |
| fixed length control field |
00831nam a2200217Ia 4500 |
| 001 - CONTROL NUMBER |
| control field |
7918 |
| 003 - CONTROL NUMBER IDENTIFIER |
| control field |
GE_BSU |
| 005 - DATE AND TIME OF LATEST TRANSACTION |
| control field |
20220930144519.0 |
| 008 - FIXED-LENGTH DATA ELEMENTS--GENERAL INFORMATION |
| fixed length control field |
181216sru 2012xx |||||||||||||| ||rus|| |
| 020 ## - INTERNATIONAL STANDARD BOOK NUMBER |
| International Standard Book Number |
978545909040 |
| 040 ## - CATALOGING SOURCE |
| Transcribing agency |
GE_BSU |
| 041 ## - LANGUAGE CODE |
| Language code of text/sound track or separate title |
rus |
| 080 ## - UNIVERSAL DECIMAL CLASSIFICATION NUMBER |
| Universal Decimal Classification number |
327(075)(100) М-64 |
| 245 ## - TITLE STATEMENT |
| Title |
Мировая политика и международные отношения / |
| Statement of responsibility, etc. |
Ред.Ю.Косова |
| 264 ## - PRODUCTION, PUBLICATION, DISTRIBUTION, MANUFACTURE, AND COPYRIGHT NOTICE |
| Place of production, publication, distribution, manufacture |
СПБ : |
| Name of producer, publisher, distributor, manufacturer |
Питер, |
| Date of production, publication, distribution, manufacture, or copyright notice |
2012. |
| 300 ## - PHYSICAL DESCRIPTION |
| Extent |
384 стр.: |
| Other physical details |
илл; |
| Dimensions |
21 см. |
| 653 ## - INDEX TERM--UNCONTROLLED |
| keyword |
Мировая политика и международные отношения |
| 653 ## - INDEX TERM--UNCONTROLLED |
| keyword |
მსოფლიო პოლიტიკა და საერთაშორისო ურთიერთობები |
| 700 ## - ADDED ENTRY--PERSONAL NAME |
| Personal name |
Косова, Ю |
| Relator term |
რედაქტორი |
| 9 (RLIN) |
14931 |
| 942 ## - ADDED ENTRY ELEMENTS (KOHA) |
| Koha item type |
წიგნი |
| Source of classification or shelving scheme |
|